000 01396nam0a2200385 4500
001 RU\NLR\bibl\1785532
005 20250616140547.0
010 _a978-5-386-03280-7
_910000
021 _aRU
_b2011-43173
_93061
035 _a(nilc)RSL-KNO-004955925
035 _a(NLR Aleph) 001776258
090 _a1669104
_c1669104
100 _a20110614d2011 |||y0rusy50 ca
101 1 _arus
_ceng
102 _aRU
105 _aa |||||||||
200 1 _aСтранности нашего тела
_fСтивен Джуан
_g[пер. с англ. А. А. Давыдовой]
210 _aМосква
_cРИПОЛ классик
_d2011
215 _a477, [2] с.
_cил.
_d18
225 1 _aPocket&Travel
300 _aЗагл. и авт. ориг.: The essential odd body / Stephen Juan
320 _aБиблиогр.: с. 442-478
454 0 _12001#$aThe essential odd body
_1700#1$aJuan$bS.$gStephen$4070
_tThe essential odd body
_aJuan, Stephen
606 1 _aЗанимательная анатомия
_jПопулярные издания
_92183463
_3RU\NLR\auth\661312881
686 _aЕ860я9
_2rubbk
686 _aЕ76я9
_2rubbk
686 _aЕ860я92
700 1 _aДжуан
_bС.
_gСтивен
_4070
801 0 _aRU
_bRuMoRKP
_c20110614
_grcr
801 1 _aRU
_bРГБ
_c20110614
801 2 _aRU
_bNLR
_c20110705
_grcr
942 _cBOOK
980 _aNB
980 _aNBR